Nepal : (Record no. 126585)

MARC details
000 -LEADER
fixed length control field 00742nam a22002297a 4500
005 - DATE AND TIME OF LATEST TRANSACTION
control field 20170124110012.0
010 ## - LIBRARY OF CONGRESS CONTROL NUMBER
LC control number A-684686
020 ## - INTERNATIONAL STANDARD BOOK NUMBER
Terms of availability 00.00
International Standard Book Number 8121003156
035 ## - SYSTEM CONTROL NUMBER
System control number A-684686
037 ## - SOURCE OF ACQUISITION
Source of stock number/acquisition Cen Lib/Ret
040 ## - CATALOGING SOURCE
Original cataloging agency DPL
Language of cataloging EN
082 ## - DEWEY DECIMAL CLASSIFICATION NUMBER
Classification number 342.5461
Item number CHA
100 ## - MAIN ENTRY--PERSONAL NAME
Personal name Chaturvedi, S.K.
9 (RLIN) 17905
245 ## - TITLE STATEMENT
Title Nepal :
Statement of responsibility, etc by S.K. Chaturvedi
Remainder of title internal politics and its constitutions /
260 ## - PUBLICATION, DISTRIBUTION, ETC. (IMPRINT)
Name of publisher, distributor, etc Inter-India Publications
Place of publication, distribution, etc New Delhi
Date of publication, distribution, etc 1993
270 ## - ADDRESS
City New Delhi
Address D-17, Raja Garden
Postal code 110015
300 ## - PHYSICAL DESCRIPTION
Extent 368p.
Dimensions 21cm(Hb)
500 ## - GENERAL NOTE
General note Includes bibliographical references and index
650 ## - SUBJECT ADDED ENTRY--TOPICAL TERM
Topical term or geographic name as entry element Constitutions--Nepal
9 (RLIN) 86255
650 ## - SUBJECT ADDED ENTRY--TOPICAL TERM
Topical term or geographic name as entry element Crisis management--Nepal
9 (RLIN) 86256
942 ## - ADDED ENTRY ELEMENTS (KOHA)
Source of classification or shelving scheme Dewey Decimal Classification
Koha item type English Books
Classification part 342.5461
Call number suffix CHA
Holdings
Withdrawn status Lost status Damaged status Not for loan Home library Current library Date acquired Source of acquisition Cost, normal purchase price Total Checkouts Full call number Barcode Date last seen Copy number Cost, replacement price Price effective from Koha item type Public note
Written off       Central Library Central Library 25/06/2015 Cen Lib/Ret 0.00   342.5461 CHA A-684686 25/06/2015 1 0.00 25/06/2015 English Books Written off on approval by DLB (By Circulation); dtd 15-06-2023

© Delhi Public Library
Hit Counter
free hit counter